000 00839nam a2200253Ia 4500
003 OSt
005 20220923224457.0
006 a|||||r|||| 00| 0
007 ta
008 220922b |||||||| |||| 00| 0 hin d
024 _a235,266
037 _cTextual
040 _aARTS
_cARTS
_bhin
041 _2hin
_ahin
082 _aO152,3NKRx, M7
100 _aउर्मि कृष्णा
_9156318
245 0 _aमहल दुमहले
_b कहानी संग्रह
246 _ahinal duhinale: kahānī sangraha
260 _aअम्बाला
_b तारिका प्रकाशन
_c1987
300 _a102पृ.
_ccm.
650 _aहिन्दी साहित्य
_9156264
942 _hO152,3NKRx, M7
_cTEXL
_2CC
999 _c371703
_d371703